| 000 | 00941nam a2200229Ia 4500 | ||
|---|---|---|---|
| 003 | Ost | ||
| 005 | 20260507074843.0 | ||
| 008 | 260507s9999||||xx |||||||||||||| ||und|| | ||
| 020 | _a9789957066352 | ||
| 040 | _cfsecg | ||
| 041 | _aara | ||
| 082 | _a301 | ||
| 100 |
_aالجوهري، محمد محمود _eمؤلف |
||
| 245 | 0 |
_aالمدخل إلى علم الإجتماع / _c محمد محمود الجوهري |
|
| 250 | _aطبعة 3 | ||
| 260 |
_aعمان : _bدار المسيرة للنشر والتوزيع, _c2015 |
||
| 300 |
_a447 صفحة؛ _bإيضاحات ؛ _c25 سم |
||
| 520 | _aيضم موضوع العلم وحدوده والخلاصة النظرية المعاصرة في علم الإجتماع، ميادين الدراسة في علم الإجتماع وعلم الإجتماع التطبيقي. | ||
| 653 | _aالإجتماع، علم | ||
| 653 | _aالعلوم الإجتماعية | ||
| 942 | _cكتاب | ||
| 999 |
_c41524 _d41524 |
||